|
|
|
|
| LEADER |
00000nam a2200000 a 4500 |
| 001 |
UCS6791 |
| 003 |
CL-VaPUC |
| 008 |
971003e19940000MX |||||||||||||||||spa|d |
| 082 |
0 |
4 |
|a 109
|b DUR
|2 21
|
| 100 |
0 |
|
|a Durant, Will
|e author
|9 392167
|
| 245 |
1 |
0 |
|a Historia de la filosofía
|
| 300 |
|
|
|a 599 p
|
| 942 |
|
|
|c BK
|
| 945 |
|
|
|d 19971003 00:00:00
|a aalvarez
|
| 260 |
|
|
|a Ciudad de México
|b Diana
|c 1994
|
| 650 |
|
0 |
|a Filosofía
|9 223554
|
| 650 |
|
0 |
|a Historia
|9 255047
|
| 583 |
|
|
|a last modification
|c 19971003 00:00:00
|k Rodrigo Vera
|
| 999 |
|
|
|c 262370
|d 262368
|
| 952 |
|
|
|0 0
|1 0
|4 0
|6 109_000000000000000_DUR_1994
|7 0
|8 A
|9 290767
|a BIBTEO
|b BIBTEO
|d 2019-11-19
|i 2023660
|o 109 DUR 1994
|p 2023660
|r 2025-01-17
|w 2019-11-19
|y BK
|k ICR
|